[Event "XXVII Olimpiadi"]
[Site "Dubai UAE"]
[Date "1986.11.15"]
[Round "1.2"]
[White "Caiafas, Theophilus"]
[Black "Vallifuoco, Giacomo"]
[Result "0-1"]
[WhiteElo "2205"]
[BlackElo "2380"]
[Annotator "ITA-NGR"]
[PlyCount "142"]
[EventDate "1986.11.15"]

1. d4 Nf6 2. c4 e6 3. Nf3 b6 4. g3 Ba6 5. b3 Bb4+ 6. Bd2 Be7 7. Bg2 c6 8. O-O
O-O 9. Bc3 d5 10. cxd5 cxd5 11. Ne5 Nfd7 12. Nxd7 Qxd7 13. Nd2 Nc6 14. Re1 Rac8
15. Rc1 Nb4 16. Bxb4 Bxb4 17. e4 Rxc1 18. Qxc1 Rc8 19. Qd1 dxe4 20. Rxe4 Bb7
21. Rh4 Bxg2 22. Kxg2 Qd5+ 23. f3 Qa5 24. Qb1 h6 25. Nc4 Qd5 26. Ne3 Qb5 27.
Nc4 Be7 28. a4 Qb4 29. d5 Bxh4 30. dxe6 Bf6 31. Qe4 Qxb3 32. exf7+ Kf8 33. Qh7
Kxf7 34. Nd6+ Ke6 35. Nxc8 Qxa4 36. Qd3 Qa2+ 37. Kh3 Qd5 38. Qe3+ Kd7 39. Nxa7
Qe6+ 40. Qxe6+ Kxe6 41. Kg4 g6 42. Kf4 Kd5 43. Nb5 Be5+ 44. Ke3 Kc4 45. Na3+
Kb3 46. Nb1 b5 47. f4 Bd6 48. Nd2+ Kc2 49. Ne4 Be7 50. Ke2 b4 51. Nf2 b3 52.
Nd3 Bd6 53. Ne1+ Kc3 54. Nd3 h5 55. Ke3 Kc2 56. Ke2 Bc5 57. h3 Bd6 58. Ne1+ Kc3
59. Nd3 Kc2 60. Ne1+ Kc3 61. Nd3 Bf8 62. Ke3 Bg7 63. Ke2 Bd4 64. g4 h4 65. g5
Bb6 66. f5 gxf5 67. g6 Bd4 68. Nc5 b2 69. Na4+ Kc4 70. Nxb2+ Bxb2 71. Kf3 Kd5
0-1

[Event "XXVII Olimpiadi"]
[Site "Dubai UAE"]
[Date "1986.11.16"]
[Round "2.3"]
[White "Izquierdo Saravia, Daniel"]
[Black "Mariotti, Sergio"]
[Result "1/2-1/2"]
[WhiteElo "2245"]
[BlackElo "2435"]
[Annotator "ITA-URU"]
[PlyCount "38"]
[EventDate "1986.11.15"]

1. e4 c5 2. Nf3 e6 3. b3 d5 4. exd5 exd5 5. Bb2 Nf6 6. Bb5+ Nc6 7. Qe2+ Be6 8.
Ng5 Qd7 9. O-O O-O-O 10. Nxe6 fxe6 11. d4 Kb8 12. Nd2 cxd4 13. Nf3 Bd6 14. Bxd4
Rhe8 15. Qe3 Ng4 16. Qg5 e5 17. h3 exd4 18. Qxg4 Qxg4 19. hxg4 Re4 1/2-1/2

[Event "XXVII Olimpiadi"]
[Site "Dubai UAE"]
[Date "1986.11.28"]
[Round "12.4"]
[White "Martinez Salomon, Ibrahim"]
[Black "Messa, Roberto"]
[Result "0-1"]
[WhiteElo "2300"]
[BlackElo "2345"]
[Annotator "ITA-MEX"]
[PlyCount "120"]
[EventDate "1986.11.15"]

1. e4 e6 2. d4 d5 3. Nc3 Nc6 4. Nf3 Nf6 5. Bg5 Be7 6. e5 Ne4 7. Bxe7 Qxe7 8.
Bd3 Qb4 9. O-O Nxc3 10. bxc3 Qxc3 11. Rb1 Qa3 12. Qd2 Qe7 13. Qf4 b6 14. Qg4 g6
15. Bb5 Bb7 16. c4 O-O 17. Rfc1 a6 18. Bxc6 Bxc6 19. c5 Bb5 20. Ng5 h6 21. Nh3
Bc4 22. cxb6 cxb6 23. Qf4 Kh7 24. Rxb6 Bxa2 25. Qd2 Rfc8 26. Ra1 Qc7 27. Rb2
Bc4 28. f3 Bb5 29. Nf2 h5 30. Nh3 Rab8 31. Qf4 Qe7 32. g4 hxg4 33. fxg4 Kg7 34.
Rf2 Rb7 35. Ng5 Rc3 36. h4 Rbc7 37. h5 gxh5 38. gxh5 Kf8 39. h6 Bd3 40. h7 Kg7
41. Rg2 Bg6 42. h8=Q+ Kxh8 43. Qh4+ Kg7 44. Rh2 Rc1+ 45. Rxc1 Rxc1+ 46. Kf2
Rc2+ 47. Kg1 Rxh2 48. Kxh2 a5 49. Qf4 a4 50. Nf3 a3 51. Qd2 Be4 52. Qg2+ Kf8
53. Qh3 Ke8 54. Nd2 a2 55. Nb3 Qg5 56. Qh8+ Ke7 57. Qh3 Kd8 58. Qh8+ Kc7 59.
Qh3 Kb6 60. Nc5 Qd2+ 0-1

[Event "XXVII Olimpiadi"]
[Site "Dubai UAE"]
[Date "1986.12.01"]
[Round "14.1"]
[White "Tatai, Stefano"]
[Black "Campora Sivori, Daniel Hugo"]
[Result "0-1"]
[WhiteElo "2420"]
[BlackElo "2515"]
[Annotator "ITA-ARG"]
[PlyCount "108"]
[EventDate "1986.11.15"]

1. d4 d5 2. c4 e6 3. Nc3 Nf6 4. Bg5 Be7 5. e3 O-O 6. Nf3 h6 7. Bh4 b6 8. Bd3
Bb7 9. O-O dxc4 10. Bxc4 Nbd7 11. Qe2 c5 12. Rfd1 Ne4 13. Bg3 Nxg3 14. hxg3 Qc7
15. Rac1 Rad8 16. Ba6 Qc8 17. Bxb7 Qxb7 18. dxc5 Nxc5 19. Nd4 Bf6 20. Qf3 Qxf3
21. gxf3 Rd7 22. b4 Nb7 23. Nc6 Rxd1+ 24. Nxd1 Ra8 25. e4 Nd8 26. Ne3 Nxc6 27.
Rxc6 b5 28. e5 Bd8 29. Nc2 Bb6 30. Na3 Rd8 31. Rc2 Rd5 32. f4 g5 33. Kg2 Kg7
34. fxg5 hxg5 35. Re2 Kg6 36. g4 Bd4 37. Rd2 a6 38. Nc2 Bxe5 39. Rxd5 exd5 40.
Ne3 d4 41. Nd5 f6 42. Kf3 Kf7 43. Ke4 Ke6 44. Nb6 d3 45. Kxd3 Bc7 46. Na8 Bd8
47. Ke4 a5 48. bxa5 Bxa5 49. f4 Kd6 50. fxg5 fxg5 51. Kf5 Bd8 52. Nb6 Bxb6 53.
Kxg5 Ke5 54. Kg6 b4 0-1

[Event "XXVII Olimpiadi"]
[Site "Dubai UAE"]
[Date "1986.12.01"]
[Round "14.3"]
[White "Vallifuoco, Giacomo"]
[Black "Garcia Palermo, Carlos Horacio"]
[Result "1/2-1/2"]
[WhiteElo "2380"]
[BlackElo "2515"]
[Annotator "ITA-ARG"]
[PlyCount "34"]
[EventDate "1986.11.15"]

1. d4 d5 2. Nf3 c5 3. c3 e6 4. g3 Nc6 5. Bg2 Nf6 6. O-O Bd6 7. Bg5 h6 8. Bxf6
Qxf6 9. dxc5 Bxc5 10. Nbd2 O-O 11. e4 Bb6 12. exd5 exd5 13. Nb3 Be6 14. Qd2
Rac8 15. Rfe1 Rfd8 16. Rac1 Bg4 17. Nbd4 a6 1/2-1/2